Statistics for Supercars Australia 2022 Drivers

Click here to take the quiz!

General Stats

  • This quiz has been taken 29 times
  • The average score is 16 of 25

Answer Stats

HintAnswer% Correct
Red Bull Ampol RacingShane Van Gisbergen
100%
Mobil Optus RacingChaz Mostert
90%
Shell V Power RacingAnton De Pasquale
86%
Red Bull Ampol RacingBroc Feeney
86%
Monster Energy RacingCameron Waters
86%
Penrite RacingDavid Reynolds
81%
Irwin RacingMark Winterbottom
81%
Shell V Power RacingWill Davison
81%
Boost Mobile RacingBrodie Kostecki
76%
Tradie RacingJake Kostecki
71%
Mobil NTI RacingNick Percat
67%
SCT Logistics RacingJack Smith
62%
Snowy River Caravans RacingJames Courtney
62%
Boost Mobile RacingWill Brown
62%
Truck Assist RacingJack Le Brocq
52%
Kubota RacingMacauley Jones
52%
Brad Jones RacingAndre Heimgartner
48%
Nulon RacingScott Pye
48%
Castrol RacingThomas Randle
48%
Cooldrive RacingTim Slade
48%
Brad Jones RacingBryce Fullwood
43%
Penrite RacingLee Holdsworth
43%
Coca-Cola RacingChris Pither
38%
Subway RacingGarry Jacobson
38%
Truck Assist RacingTodd Hazelwood
38%

Score Distribution

Percentile by Number Answered

Percent of People with Each Score

Your Score History

You have not taken this quiz